书目信息 |
| 书名: | Gerhard Von Rad | |
| 作者: | James L.Crenshaw : | |
| 分册号: | ||
| 分册名: | 出版地: | Waco,Texas : |
|
| 出版社: | Word Books publisher | |
| 出版时间: | 1978. | |
| 页数: | 193 p. ; | |
| 开本: | 20cm. | |
| 丛书名: | ||
| 中图分类号: | ||
| 科图分类号: | ||
| 其他分类号: | B979.9 | |
| 主题词: | ||
| 电子资源: | ||
| 000 | 00428nam 2200145 a 4500 | |
| 001 | E0757244406 | |
| 005 | 20070712155722.40 | |
| 008 | 070712s1978 00010 eng | |
| 020 | @a0-8499-0112-X. | |
| 040 | @aPFT@beng | |
| 090 | @aB979.9 | |
| 099 | @dB979.9@ex69:1 | |
| 245 | @aGerhard Von Rad / @cJames L.Crenshaw :@bMakers of the Modern Theological Mind. | |
| 260 | @aWaco,Texas :@bWord Books publisher,@c1978. | |
| 300 | @a193 p. ;@c20cm. | |
| Gerhard Von Rad / / James L.Crenshaw : : Makers of the Modern Theological Mind.-Waco,Texas : : Word Books publisher, , 1978. |
| 193 p. ; ; 20cm. |
| ISBN 0-8499-0112-X. |
| ● |
| 相关链接 |
|
|
|
|
正题名:Gerhard Von Rad
索取号:B979.9/x69:1
 
预约/预借
| 序号 | 登录号 | 条形码 | 馆藏地/架位号 | 状态 | 备注 |
| 1 | 0011842 | 300118423 | 第二样本阅览室/ [索取号:B979.9/x69:1] | 在馆 |